[Event "HUN-chT2 Barcza 1819"]
[Site "Hungary"]
[Date "2019.03.31"]
[Round "10.8"]
[White "Mengyan, Marton"]
[Black "Fabian, Lajos2"]
[Result "1/2-1/2"]
[WhiteElo "1826"]
[BlackElo "1766"]
[PlyCount "38"]
[EventDate "2018.09.23"]
[EventType "team-tourn"]
[EventRounds "11"]
[EventCountry "HUN"]
[SourceTitle "EXT 2021"]
[Source "ChessBase"]
[SourceDate "2020.10.23"]
[SourceVersion "1"]
[SourceVersionDate "2020.10.23"]
[SourceQuality "1"]
[WhiteTeam "Kazincbarcika"]
[BlackTeam "Szirmabesenyo"]
[WhiteTeamCountry "HUN"]
[BlackTeamCountry "HUN"]

1. e4 e5 2. Nf3 Nc6 3. Bc4 Bc5 4. c3 d6 5. Bb3 Bg4 6. d3 Bxf3 7. Qxf3 Qf6 8. Nd2 Qxf3 9. Nxf3 Nf6 10. Be3 Bxe3 11. fxe3 Ng4 12. Ke2 0-0 13. Raf1 Na5 14. Bc2 c5 15. c4 Nc6 16. a3 Rab8 17. Nd2 Nh6 18. Ba4 a6 19. Bxc6 bxc6 1/2-1/2

[Event "HUN-ch U18"]
[Site "Balatonlelle"]
[Date "2016.06.26"]
[Round "3"]
[White "Fodor, Balazs"]
[Black "Mengyan, Marton"]
[Result "1-0"]
[WhiteElo "2061"]
[BlackElo "1792"]
[PlyCount "85"]
[EventDate "2016.06.24"]
[EventType "swiss"]
[EventRounds "7"]
[EventCountry "HUN"]
[SourceTitle "CBM 173 Extra"]
[Source "ChessBase"]
[SourceDate "2016.08.29"]
[SourceVersion "1"]
[SourceVersionDate "2016.08.29"]
[SourceQuality "1"]

1. d4 d5 2. c4 c6 3. Nc3 Nf6 4. Nf3 e6 5. e3 b6 6. cxd5 cxd5 7. Ne5 Be7 8. Bd3 0-0 9. 0-0 Ba6 10. Bxa6 Nxa6 11. Bd2 Ne4 12. Nxe4 dxe4 13. Nc6 Qd7 14. Qc2 f5 15. Nxe7+ Qxe7 16. Qc4 b5 17. Qxb5 Nc7 18. Qe5 Nd5 19. Rac1 Rfc8 20. Rc5 Qd7 21. Rfc1 Rab8 22. b4 Kf7 23. h3 Re8 24. a4 Rb7 25. b5 Rg8 26. Rc6 Rd8 27. Ba5 Re8 28. Rd6 Qe7 29. Rcc6 Rd7 30. Rxe6 Qxe6 31. Rxe6 Rxe6 32. Qxf5+ Nf6 33. Bb4 Rb6 34. g4 g6 35. Qc5 Rb8 36. g5 Nd5 37. Qc6 Rbd8 38. Ba5 Rd6 39. Bxd8 Rxc6 40. bxc6 Ke6 41. f3 Nxe3 42. fxe4 Nc2 43. d5+ 1-0

[Event "HUN-chT 1516 BAZ II Gavel"]
[Site "Hungary"]
[Date "2016.01.17"]
[Round "4"]
[White "Balogh, Farkas"]
[Black "Mengyan, Marton"]
[Result "1/2-1/2"]
[WhiteElo "1712"]
[BlackElo "1769"]
[PlyCount "36"]
[EventDate "2015.09.27"]
[EventType "team-tourn"]
[EventRounds "7"]
[EventCountry "HUN"]
[SourceTitle "EXT 2025"]
[Source "ChessBase"]
[SourceDate "2024.10.14"]
[SourceVersion "1"]
[SourceVersionDate "2024.10.14"]
[SourceQuality "1"]
[WhiteTeam "DVTK EMSE III"]
[BlackTeam "Miskolc KisBocsok III"]
[WhiteTeamCountry "HUN"]
[BlackTeamCountry "HUN"]

1. d4 Nf6 2. c4 e6 3. Nc3 d5 4. Nf3 c5 5. e3 Nc6 6. Bd2 dxc4 7. dxc5 Bxc5 8. Bxc4 Bd7 9. 0-0 Qe7 10. Re1 Rd8 11. a3 a6 12. b4 Bd6 13. h3 Ne5 14. Nxe5 Bxe5 15. Rc1 b5 16. Bb3 0-0 17. Qe2 Bc6 18. f3 Nd5 1/2-1/2

[Event "HUN-chT 1516 BAZ II Gavel"]
[Site "Hungary"]
[Date "2015.09.27"]
[Round "1"]
[White "Ivan, Istvan"]
[Black "Mengyan, Marton"]
[Result "0-1"]
[WhiteElo "1552"]
[BlackElo "1755"]
[PlyCount "24"]
[EventDate "2015.09.27"]
[EventType "team-tourn"]
[EventRounds "7"]
[EventCountry "HUN"]
[SourceTitle "EXT 2025"]
[Source "ChessBase"]
[SourceDate "2024.10.14"]
[SourceVersion "1"]
[SourceVersionDate "2024.10.14"]
[SourceQuality "1"]
[WhiteTeam "HVSC"]
[BlackTeam "Miskolc KisBocsok III"]
[WhiteTeamCountry "HUN"]
[BlackTeamCountry "HUN"]

1. e4 c5 2. Nf3 e6 3. b3 Nc6 4. Bb2 Nf6 5. d3 Qc7 6. Be2 Be7 7. Qd2 d5 8. exd5 exd5 9. Qg5 0-0 10. Nc3 d4 11. Nd5 Nxd5 12. Qxd5 Nb4 0-1

[Event "HUN-ch U16"]
[Site "Balatonlelle"]
[Date "2015.06.23"]
[Round "6"]
[White "Marton, Denes"]
[Black "Mengyan, Marton"]
[Result "1-0"]
[WhiteElo "1752"]
[BlackElo "1788"]
[PlyCount "75"]
[EventDate "2015.06.18"]
[EventType "swiss"]
[EventRounds "7"]
[EventCountry "HUN"]
[SourceTitle "CBM 167 Extra"]
[Source "ChessBase"]
[SourceDate "2015.09.14"]
[SourceVersion "1"]
[SourceVersionDate "2015.09.14"]
[SourceQuality "1"]

1. d4 Nf6 2. c4 e6 3. Nc3 Bb4 4. Qc2 Nc6 5. Nf3 d6 6. a3 Bxc3+ 7. Qxc3 a5 8. Bg5 h6 9. Bh4 g5 10. Bg3 Ne7 11. Nd2 Nh5 12. 0-0-0 f5 13. e3 Ng6 14. Bd3 Qf6 15. f3 e5 16. Rde1 0-0 17. Bf2 exd4 18. exd4 Nhf4 19. Bf1 Bd7 20. g3 Nh5 21. Bd3 c6 22. Re2 Ng7 23. Rhe1 Rfe8 24. Rxe8+ Bxe8 25. Qb3 Qf7 26. Qc2 Bd7 27. Qc3 Qf6 28. Nb3 Qd8 29. Qc2 Qf6 30. Qc3 Qd8 31. c5 d5 32. Nd2 Qf6 33. Qb3 Bc8 34. a4 Ne6 35. Qc3 g4 36. fxg4 fxg4 37. Be3 Qg7 38. Nb3 1-0

[Event "HUN-ch U16"]
[Site "Balatonlelle"]
[Date "2015.06.18"]
[Round "1"]
[White "Mengyan, Marton"]
[Black "Marta, Dominik"]
[Result "0-1"]
[WhiteElo "1788"]
[BlackElo "2145"]
[PlyCount "56"]
[EventDate "2015.06.18"]
[EventType "swiss"]
[EventRounds "7"]
[EventCountry "HUN"]
[SourceTitle "CBM 167 Extra"]
[Source "ChessBase"]
[SourceDate "2015.09.14"]
[SourceVersion "1"]
[SourceVersionDate "2015.09.14"]
[SourceQuality "1"]

1. e4 Nf6 2. e5 Nd5 3. d4 d6 4. c4 Nb6 5. Nc3 dxe5 6. dxe5 Qxd1+ 7. Nxd1 Nc6 8. f4 Bf5 9. Be2 Be4 10. Ne3 Nd4 11. Nf3 Bxf3 12. gxf3 e6 13. Bd2 0-0-0 14. Bc3 Bc5 15. Kf1 Nxf3 16. Nc2 Nd2+ 17. Kg2 Ndxc4 18. Bxc4 Nxc4 19. Kf3 Rd3+ 20. Ke2 Rhd8 21. Rad1 Rxd1 22. Rxd1 Rxd1 23. Kxd1 Ne3+ 24. Nxe3 Bxe3 25. Ke2 Bxf4 26. h3 c5 27. Kf3 Bc1 28. b3 Kd7 0-1

[Event "Borsod-chT2 1415"]
[Site "Hungary"]
[Date "2015.02.07"]
[Round "6.5"]
[White "Mengyan, Marton"]
[Black "Bujdoso, Barnabas Jr"]
[Result "1-0"]
[WhiteElo "1712"]
[BlackElo "1644"]
[PlyCount "79"]
[EventDate "2014.09.28"]
[EventType "team-tourn"]
[EventRounds "7"]
[EventCountry "HUN"]
[SourceTitle "EXT 2016"]
[Source "ChessBase"]
[SourceDate "2015.10.08"]
[SourceVersion "1"]
[SourceVersionDate "2015.10.08"]
[SourceQuality "1"]
[WhiteTeam "Miskolc KisBocsok III"]
[BlackTeam "Szendro"]
[WhiteTeamCountry "HUN"]
[BlackTeamCountry "HUN"]

1. e4 e5 2. Nf3 Nc6 3. Bc4 Nf6 4. d3 Bc5 5. c3 0-0 6. Bb3 d6 7. Nbd2 Be6 8. Nf1 d5 9. Qe2 Ng4 10. Ne3 Nxe3 11. Bxe3 d4 12. Bd2 Bxb3 13. axb3 f5 14. b4 fxe4 15. Qxe4 dxc3 16. bxc3 Bd6 17. Ng5 Rf6 18. Qxh7+ Kf8 19. Qh8+ Ke7 20. Qxg7+ Ke8 21. b5 Bf8 22. Qh7 Ne7 23. 0-0 Qd7 24. c4 Qd4 25. Be3 Qg4 26. h3 Qd7 27. Ne4 Rg6 28. Bg5 Qf5 29. f4 Bg7 30. fxe5 Qe6 31. Bxe7 Kxe7 32. Nf6 Rg3 33. Qh4 Bxf6 34. exf6+ Kd7 35. Qxg3 Rg8 36. Qxg8 Qxg8 37. f7 Qf8 38. Rae1 Qc5+ 39. Kh1 Qf8 40. Re8 1-0

[Event "HUN-ch U16"]
[Site "Balatonlelle"]
[Date "2014.06.21"]
[Round "2"]
[White "Mengyan, Marton"]
[Black "Kassay, Krisztian"]
[Result "0-1"]
[WhiteElo "1638"]
[BlackElo "1967"]
[PlyCount "38"]
[EventDate "2014.06.20"]
[EventType "swiss"]
[EventRounds "9"]
[EventCountry "HUN"]
[SourceTitle "EXT 2024"]
[Source "ChessBase"]
[SourceDate "2023.10.10"]
[SourceVersion "1"]
[SourceVersionDate "2023.10.10"]
[SourceQuality "1"]

1. e4 c5 2. Nf3 d6 3. d4 cxd4 4. Nxd4 Nf6 5. Nc3 a6 6. Be3 e5 7. Nb3 Be6 8. f3 Be7 9. Qd2 h5 10. Bd3 Nbd7 11. Qf2 b5 12. 0-0 Rg8 13. h4 Nh7 14. g3 g5 15. hxg5 Nxg5 16. Bxg5 Bxg5 17. Ne2 Bh3 18. Rfd1 Nf6 19. Nc5 Qb6 0-1

[Event "HUN-ch U16"]
[Site "Balatonlelle"]
[Date "2014.06.20"]
[Round "1"]
[White "Laza, Szabolcs"]
[Black "Mengyan, Marton"]
[Result "1-0"]
[WhiteElo "2069"]
[BlackElo "1638"]
[PlyCount "42"]
[EventDate "2014.06.20"]
[EventType "swiss"]
[EventRounds "9"]
[EventCountry "HUN"]
[SourceTitle "EXT 2024"]
[Source "ChessBase"]
[SourceDate "2023.10.10"]
[SourceVersion "1"]
[SourceVersionDate "2023.10.10"]
[SourceQuality "1"]

1. d4 e6 2. c4 Nf6 3. Nf3 b6 4. Bf4 d6 5. Nc3 Bb7 6. e3 Nbd7 7. Be2 a6 8. 0-0 c5 9. a3 Be7 10. h3 0-0 11. b4 Qb8 12. Rb1 Qa7 13. Qa4 Rfd8 14. Rfd1 Rac8 15. bxc5 bxc5 16. Nb5 Qb8 17. Nxd6 Bxd6 18. Bxd6 Nb6 19. Rxb6 Rxd6 20. dxc5 Rxd1+ 21. Qxd1 Rxc5 1-0

[Event "HUN-chT2 Barcza 1213"]
[Site "Hungary"]
[Date "2013.02.17"]
[Round "7.12"]
[White "Karikas, Marianna"]
[Black "Mengyan, Marton"]
[Result "1-0"]
[WhiteElo "1851"]
[BlackElo "1589"]
[PlyCount "91"]
[EventDate "2012.09.16"]
[EventType "team-tourn"]
[EventRounds "11"]
[EventCountry "HUN"]
[SourceTitle "EXT 2014"]
[Source "ChessBase"]
[SourceDate "2013.11.20"]
[SourceVersion "1"]
[SourceVersionDate "2013.11.20"]
[SourceQuality "1"]
[WhiteTeam "Hajduboszormeny"]
[BlackTeam "Miskolc Kisbocsok"]
[WhiteTeamCountry "HUN"]
[BlackTeamCountry "HUN"]

1. d4 e6 2. Nf3 c5 3. e3 cxd4 4. exd4 Nf6 5. Bd3 a6 6. a4 b6 7. 0-0 Qc7 8. Nbd2 Bb7 9. Nc4 Bd5 10. Ne3 Bb7 11. c4 d5 12. b3 Bd6 13. Bb2 0-0 14. Rc1 Qe7 15. Ne5 dxc4 16. N3xc4 Nbd7 17. Nxd7 Nxd7 18. Qh5 h6 19. f4 Bd5 20. f5 Nf6 21. Qh3 b5 22. Nb6 Rab8 23. Nxd5 exd5 24. Rfe1 Qd7 25. axb5 axb5 26. Rc2 Rfe8 27. Rce2 Rxe2 28. Rxe2 Re8 29. Qf3 b4 30. h3 Rxe2 31. Qxe2 Qe7 32. Qxe7 Bxe7 33. Kf2 Bd6 34. Bc1 Kh7 35. Kf3 g5 36. fxg6+ fxg6 37. Bf4 Be7 38. g4 h5 39. g5 Nd7 40. Bb5 Nf8 41. h4 Ne6 42. Be5 Bd6 43. Ke3 Bxe5 44. dxe5 Kg7 45. Bc6 Nc7 46. Kd4 1-0

[Event "HUN-chT2 Barcza 1213"]
[Site "Hungary"]
[Date "2013.01.27"]
[Round "6.12"]
[White "Mengyan, Marton"]
[Black "Bodnar, Mate"]
[Result "1-0"]
[WhiteElo "1589"]
[BlackElo "1298"]
[PlyCount "57"]
[EventDate "2012.09.16"]
[EventType "team-tourn"]
[EventRounds "11"]
[EventCountry "HUN"]
[SourceTitle "EXT 2014"]
[Source "ChessBase"]
[SourceDate "2013.11.20"]
[SourceVersion "1"]
[SourceVersionDate "2013.11.20"]
[SourceQuality "1"]
[WhiteTeam "Miskolc Kisbocsok"]
[BlackTeam "DEAC"]
[WhiteTeamCountry "HUN"]
[BlackTeamCountry "HUN"]

1. e4 e5 2. Nf3 Nc6 3. Bc4 Bc5 4. c3 Nf6 5. d3 d6 6. Nbd2 0-0 7. Bb3 Bg4 8. Nf1 d5 9. Qe2 dxe4 10. dxe4 Qd6 11. h3 Be6 12. Bc2 Na5 13. b4 Bxb4 14. cxb4 Qxb4+ 15. Qd2 Qxd2+ 16. N1xd2 Nc4 17. 0-0 Rfd8 18. Nxc4 Bxc4 19. Re1 Bd3 20. Bxd3 Rxd3 21. Bb2 c5 22. Bxe5 Nd7 23. Rec1 Re8 24. Rd1 c4 25. Rxd3 cxd3 26. Bd4 Rxe4 27. Rd1 Re2 28. Rxd3 Rxa2 29. Bc5 1-0

[Event "HUN-chT2 Barcza 1213"]
[Site "Hungary"]
[Date "2012.12.02"]
[Round "5.12"]
[White "Vodila, Martin Botond"]
[Black "Mengyan, Marton"]
[Result "1/2-1/2"]
[WhiteElo "1590"]
[BlackElo "1589"]
[PlyCount "30"]
[EventDate "2012.09.16"]
[EventType "team-tourn"]
[EventRounds "11"]
[EventCountry "HUN"]
[SourceTitle "EXT 2014"]
[Source "ChessBase"]
[SourceDate "2013.11.20"]
[SourceVersion "1"]
[SourceVersionDate "2013.11.20"]
[SourceQuality "1"]
[WhiteTeam "Edeleny"]
[BlackTeam "Miskolc Kisbocsok"]
[WhiteTeamCountry "HUN"]
[BlackTeamCountry "HUN"]

1. e4 c5 2. Nf3 d6 3. Nc3 e6 4. Bb5+ Bd7 5. Bxd7+ Nxd7 6. d3 Ngf6 7. 0-0 Be7 8. Bf4 Nh5 9. Be3 Nhf6 10. Re1 0-0 11. Qd2 Re8 12. Rad1 Qb6 13. d4 cxd4 14. Nxd4 Qa5 15. f3 Ne5 1/2-1/2

[Event "HUN-chT U18"]
[Site "Miskolc"]
[Date "2011.11.06"]
[Round "8.2"]
[White "Mengyan, Marton"]
[Black "Bea, Boglarka"]
[Result "0-1"]
[WhiteElo "1528"]
[BlackElo "2116"]
[PlyCount "62"]
[EventDate "2011.11.02"]
[EventType "team-swiss"]
[EventRounds "8"]
[EventCountry "HUN"]
[SourceTitle "EXT 2012"]
[Source "ChessBase"]
[SourceDate "2011.11.24"]
[SourceVersion "1"]
[SourceVersionDate "2011.11.24"]
[SourceQuality "1"]
[WhiteTeam "Miskolc II"]
[BlackTeam "Penzugyor"]
[WhiteTeamCountry "HUN"]
[BlackTeamCountry "HUN"]

1. e4 c5 2. Nf3 e6 3. d4 cxd4 4. Nxd4 Nc6 5. Nxc6 bxc6 6. Bd3 e5 7. 0-0 Bc5 8. Kh1 Nf6 9. Nc3 0-0 10. Bg5 h6 11. Bh4 Be7 12. Bg3 d6 13. Bc4 g5 14. Bb3 a5 15. Qe2 Qb6 16. f3 Ba6 17. Bc4 Qxb2 18. Na4 Bxc4 19. Qxc4 Qb5 20. Qb3 Rab8 21. Rfd1 Nh5 22. Rab1 Nxg3+ 23. hxg3 Qxb3 24. axb3 f5 25. Re1 fxe4 26. Rxe4 Rb4 27. Re3 Rfb8 28. Ra1 Kf7 29. Nb2 Ra8 30. Nc4 a4 31. Rd3 axb3 0-1

[Event "HUN-chT U18"]
[Site "Miskolc"]
[Date "2011.11.02"]
[Round "1.2"]
[White "Ruck, Robert1"]
[Black "Mengyan, Marton"]
[Result "1-0"]
[WhiteElo "1976"]
[BlackElo "1528"]
[PlyCount "73"]
[EventDate "2011.11.02"]
[EventType "team-swiss"]
[EventRounds "8"]
[EventCountry "HUN"]
[SourceTitle "EXT 2012"]
[Source "ChessBase"]
[SourceDate "2011.11.24"]
[SourceVersion "1"]
[SourceVersionDate "2011.11.24"]
[SourceQuality "1"]
[WhiteTeam "Sarkany"]
[BlackTeam "Miskolc II"]
[WhiteTeamCountry "HUN"]
[BlackTeamCountry "HUN"]

1. e4 c5 2. Nf3 d6 3. Bb5+ Bd7 4. Bxd7+ Nxd7 5. 0-0 Ngf6 6. Re1 e6 7. c3 g6 8. d4 Bg7 9. Bg5 Qc7 10. Na3 a6 11. Qd2 Nb6 12. Rad1 h6 13. Bf4 g5 14. Bxd6 Qxd6 15. e5 Qc7 16. exf6 Bxf6 17. dxc5 Qxc5 18. Qe2 0-0 19. Nd2 Rad8 20. Ne4 Qe7 21. Nxf6+ Qxf6 22. Nc4 Nxc4 23. Qxc4 Rxd1 24. Rxd1 Rd8 25. Rxd8+ Qxd8 26. g3 Qd7 27. Kg2 f5 28. a4 Kf7 29. a5 Qd5+ 30. Qxd5 exd5 31. Kf3 Ke6 32. Ke3 Kd6 33. Kd4 h5 34. f4 g4 35. b3 Kc6 36. Ke5 Kc5 37. Kxf5 1-0